| 000 | 00000nas 2200000za 4500 |
| 001 | 9.501799 |
| 003 | CaOODSP |
| 005 | 20230602132431 |
| 007 | cr ||||||||||| |
| 008 | 150406s20022008xxc|| p o||||f| |0fre|d |
| 022 | |a1206-5455 |
| 040 | |aCaOODSP|bfre |
| 043 | |an-cn--- |
| 086 | 1 |aEn82-1F-PDF |
| 110 | 1 |aCanada.|bEnvironnement Canada. |bDirection de la protection de l'environnement, |eauteur, |eorganisme de publication. |
| 245 | 13|aLe point sur les produits chimiques toxiques : |h[ressource électronique]|bbulletin d'Environnement Canada Région de l'Atlantique |
| 260 | |aDartmouth - Nouvelle-Écosse : |bEnvironnement Canada. |
| 310 | |aTrimestriel |
| 362 | 1 |aParaît depuis [Vol. 5, n° 1, août 2002]; ne paraît plus après Vol. 10, n° 1, janvier 2008. |
| 500 | |aL'ISSN (1206-5455) de l'édition imprimée a été copié dans l'édition PDF. |
| 691 | 07|aProduit toxique|2gcpds |
| 775 | 08|tToxic chemicals update : |w(CaOODSP)9.505400 |